The two lives of Miss Charlotte Merryweather

Bibliographic Details
Main Author: Potter, Alexandra (Author)
Format: Book
Language:English
Published: New York : Plume 2010
Subjects:

MARC

LEADER 00000cam a2200000 7i4500
001 0000028372
005 20241122.0
008 190211 nyu eng
020 |a 9780452295889 
040 |a INS   |b eng   |e rda 
090 0 0 |a PR6116.O89   |b W58 2009 
100 1 |a Potter, Alexandra ,   |e author 
240 1 0 |a Who's that girl? 
245 1 4 |a The two lives of Miss Charlotte Merryweather   |c Alexandra Potter 
264 1 |a New York :   |b Plume   |c 2010 
264 4 |c ©2009 
300 |a 390 pages ;   |c 21 cm. 
336 |a text  |2 rdacontent 
337 |a unmediated  |2 rdamedia 
338 |a volume  |2 rdacarrier 
500 |a Originally published as: Who's that girl? London : Hodder, 2009 
650 0 |a Experiential learning   |v Fiction 
650 0 |a Young women   |v Fiction 
999 |a 0000024576   |b BOOK   |c Open Shelf   |e Default branch